000 00350nam a2200133Ia 4500
008 220120s9999||||xx |||||||||||||| ||und||
082 _a511.5 DSC
100 _aD.S.C
245 0 _aGraph Theory and Combinatorics
250 _a4th
260 _aPrism book house
_bNew Delhi
_c2012
300 _aXVI,802p
_b0
650 _aELECTRONICS AND COMMUNICATIONS
999 _c132656
_d132656